Tvorba výkresovej dokumentácie výrobkov zo skla prostredníctvom CAD programov : Diplomová práca

Gespeichert in:
Bibliographische Detailangaben
1. Verfasser: Kubišová, Silvia (Verfasst von)
Weitere Verfasser: Pavlinova, Jevgenija (xxx)
Format: Manuskript Buch
Sprache:Slowakisch
Veröffentlicht: Trnava : STU v Bratislave MtF KAIA, 1999
Schlagworte:
Tags: Tag hinzufügen
Keine Tags, Fügen Sie das erste Tag hinzu!

MARC

LEADER 00000ntm a22000003a 4500
001 stu74291
005 20160719155049.1
008 020225s1999----xo------------------slo-d
040 |a STU  |b slo 
041 0 |a slo 
044 |a xo 
100 1 |a Kubišová, Silvia  |4 aut 
245 1 |a Tvorba výkresovej dokumentácie výrobkov zo skla prostredníctvom CAD programov :  |b Diplomová práca 
260 |a Trnava :  |b STU v Bratislave MtF KAIA,  |c 1999 
300 |a 51 s  |c výťah + príl. + disk. 
650 7 |a CAD systémy  |2 stusub 
650 7 |a Dokumentácia výkresová  |2 stusub 
650 7 |a Strojárska aplikovaná informatika  |2 stusub 
700 1 |a Pavlinova, Jevgenija  |4 xxx  |u M180  |U MTF Materiálovotechnologická fakulta  |T MTF Katedra aplikovanej informatiky a automatizácie  |X 244  |U M180  |Y 166  |7 A000000244 
996 |b 284M041762  |c M*DP-1152  |l MMSKP  |s P  |a 0  |w stu74291_0001